The Selden Rolle (Record no. 9186)
[ view plain ]
| 000 -CABECERA | |
|---|---|
| campo de control de longitud fija | 01063nam a2200253 a 4500 |
| 001 - NÚMERO DE CONTROL | |
| campo de control | BRL_373 |
| 005 - FECHA Y HORA DE LA ÚLTIMA TRANSACCIÓN | |
| campo de control | 20190320210717.0 |
| 008 - DATOS DE LONGITUD FIJA--INFORMACIÓN GENERAL | |
| campo de control de longitud fija | 050813s1955----gw-#######---#000-0#eng-# |
| 041 ## - CÓDIGO DE LENGUA | |
| Código de lengua del texto/banda sonora o título independiente | eng |
| 044 ## - CÓDIGO DEL PAÍS DE LA ENTIDAD EDITORA/PRODUCTORA | |
| Código MARC del país | gw |
| 050 #4 - SIGNATURA TOPOGRÁFICA DE LA BIBLIOTECA DEL CONGRESO | |
| Número de clasificación | F1219 |
| Número de documento/Ítem | .T44 1955 |
| 100 1# - ENTRADA PRINCIPAL--NOMBRE DE PERSONA | |
| Nombre de persona | Burland, Cottie A. |
| Fechas asociadas al nombre | 1905-1983 |
| Forma completa/desarrollada del nombre | (Cottie Arthur) |
| 9 (RLIN) | 23694 |
| 245 10 - MENCIÓN DE TÍTULO | |
| Título | The Selden Rolle |
| Resto del título | an Acient Mexican picture manuscript in the Bodleian library at Oxford |
| Mención de responsabilidad, etc. | Descriptive Commentary by Cottie A. Burland, F.R.A.L, With a bibliography compiled by Gerdt Kutscher |
| 260 ## - PUBLICACIÓN, DISTRIBUCIÓN, ETC. | |
| Lugar de publicación, distribución, etc. | Berlin |
| Nombre del editor, distribuidor, etc. | Verlag Gebr. Mann |
| Fecha de publicación, distribución, etc. | 1955 |
| 300 ## - DESCRIPCIÓN FÍSICA | |
| Extensión | 50 p. |
| Otras características físicas | il. |
| Dimensiones | 32 p. |
| Material acompañante/anejo | 1 folleto |
| 440 #0 - MENCIÓN DE SERIE/PUNTO DE ACCESO ADICIONAL--TÍTULO | |
| Título | Monumenta Americana |
| Designación de volumen o secuencia | 2 |
| 9 (RLIN) | 23695 |
| 500 ## - NOTA GENERAL | |
| Nota general | Die Selden Rolle; eine altmexikanische Bilderhandschrift in der Bodleian Library zu Oxford. Gekürzt aus dem Englischen übersetzt von Gerdt Kutscher (15 p. 21 cm.), dentro del libro |
| 500 ## - NOTA GENERAL | |
| Nota general | Au352 |
| 504 ## - NOTA DE BIBLIOGRAFÍA, ETC. | |
| Nota de bibliografía, etc. | Incluye bibliografía p. 43-50 |
| 650 14 - PUNTO DE ACCESO ADICIONAL DE MATERIA--TÉRMINO DE MATERIA | |
| Término de materia o nombre geográfico como elemento de entrada | Manuscritos mexicanos |
| Subdivisión general | Facsímiles |
| 9 (RLIN) | 5310 |
| 651 #4 - PUNTO DE ACCESO ADICIONAL DE MATERIA--NOMBRE GEOGRÁFICO | |
| Nombre geográfico | México |
| Subdivisión general | Historia |
| Subdivisión cronológica | Hasta 1519 |
| 9 (RLIN) | 9704 |
| 902 ## - CATALOGADOR | |
| Iniciales | GRL |
| 942 ## - ELEMENTOS DE PUNTO DE ACCESO ADICIONAL (KOHA) | |
| Fuente del sistema de clasificación o colocación | Library of Congress Classification |
| Tipo de ítem Koha | Libros |
| Estado de retiro | Estado de pérdida | Estado dañado | No para préstamo | Localización permanente | Ubicación/localización actual | Fecha de adquisición | Número de inventario | Total de préstamos | Signatura topográfica completa | Código de barras | Fecha visto por última vez | Precio válido a partir de | Tipo de ítem Koha |
|---|---|---|---|---|---|---|---|---|---|---|---|---|---|
| El ejemplar forma parte de la colección y puede ser consultado según las políticas vigentes. | Biblioteca Centro de Estudios Ruth D. Lechuga | Biblioteca Centro de Estudios Ruth D. Lechuga | 05/08/2013 | Au352 | F1219 .T44 1955 (Au352) | GRL00398 | 22/03/2019 | 22/03/2019 | Libros |